00980cam a22002774a 45000010008000000030004000080050017000120080041000290100017000700200022000870350023001090350017001320400013001490420008001620500015001700820014001851000024001992450055002232460019002782500012002972600050003093000040003595000020003995050263004196500020006824274811OSt20210414113902.0020808s2004 ohua 001 0 eng  a 2002111169 a0324171889 (pbk.) a(OCoLC)ocm52377151 a(NNC)4274811 aDLCcDLC apcc00aHB172.M34600a338.52211 aMankiw, N. Gregory.10aPrinciples of microeconomics /cN. Gregory Mankiw.30aMicroeconomics a3rd ed. aMason, Ohio :bThomson/South-Western,cc2004. axxxi, 509 p. :bcol. ill. ;c26 cm. aIncludes index. aContents: Introduction -- Supply and demand 1: How markets work -- Supply and demand II: Markets and welfare -- The Economics of the public sector -- Firm behavior and the organization of industry -- The Economics of labor markets -- Topics for future study. 0aMicroeconomics.